1971 Stories of Grit and Glory from the Indo-Pak War (Record no. 13939)

MARC details
000 -LEADER
fixed length control field 00430nam a22001697a 4500
003 - CONTROL NUMBER IDENTIFIER
control field OSt
008 - FIXED-LENGTH DATA ELEMENTS--GENERAL INFORMATION
fixed length control field 260501b |||||||| |||| 00| 0 eng d
020 ## - INTERNATIONAL STANDARD BOOK NUMBER
International Standard Book Number 9780143454557
082 ## - DEWEY DECIMAL CLASSIFICATION NUMBER
Classification number 954.54 CAI
100 ## - MAIN ENTRY--PERSONAL NAME
Personal name CARDOZO,Ian
245 ## - TITLE STATEMENT
Title 1971 Stories of Grit and Glory from the Indo-Pak War
250 ## - EDITION STATEMENT
Edition statement 1st Ed
260 ## - PUBLICATION, DISTRIBUTION, ETC. (IMPRINT)
Place of publication, distribution, etc Gurugram
Name of publisher, distributor, etc Penguin Random House
Date of publication, distribution, etc 2021
300 ## - PHYSICAL DESCRIPTION
Extent 347p.
942 ## - ADDED ENTRY ELEMENTS (KOHA)
Source of classification or shelving scheme Dewey Decimal Classification
Koha item type Reference Books
Holdings
Withdrawn status Lost status Source of classification or shelving scheme Damaged status Not for loan Collection code Home library Current library Date acquired Source of acquisition Currency Cost, normal purchase price Bill Number Total Checkouts Full call number Acc. no. / Barcode Date last seen Actual Cost, discounted price Bill Date Koha item type
    Dewey Decimal Classification     GENERAL PIET C-LIBRARY PIET C-LIBRARY 22/04/2026 Zaffa Books INR 399.00 ZBD2026-27-0024   954.54 CAI 40020 01/05/2026 259.35 22/04/2026 Reference Books
    Dewey Decimal Classification     GENERAL PIET C-LIBRARY PIET C-LIBRARY 22/04/2026 Zaffa Books INR 399.00 ZBD2026-27-0024   954.54 CAI 40021 01/05/2026 259.35 22/04/2026 Text Books

Design & Developed by: PIET Central Library
R70 Miles Stone Pattikalyana Samalkha Panipat 132102
mail ID :- [email protected], Phone No:- 0180-2569700 Ex.216